Lập trình C# từ cơ bản đến nâng cao
Nội dung sách bao gồm: các lệnh chu trình, điều kiện, lựac chọn, về phương thức hay hàm, lớp thừa kế, nạp chồng hàm và toán tử trùng tên, uỷ nhiệm, quản lý sự kiện, đa luồng.
Salvato in:
| Autore principale: | |
|---|---|
| Natura: | Libro |
| Lingua: | Undetermined |
| Pubblicazione: |
Hà Nội
Giáo dục Việt Nam
2010
|
| Soggetti: | |
| Tags: |
Aggiungi Tag
Nessun Tag, puoi essere il primo ad aggiungerne! !
|
| Thư viện lưu trữ: | Trung tâm Học liệu Trường Đại học Cần Thơ |
|---|
| LEADER | 00917nam a2200205Ia 4500 | ||
|---|---|---|---|
| 001 | CTU_176878 | ||
| 008 | 210402s9999 xx 000 0 und d | ||
| 020 | |c 32000 | ||
| 082 | |a 005.133 | ||
| 082 | |b Ng450 | ||
| 100 | |a Phạm, Công Ngô | ||
| 245 | 0 | |a Lập trình C# từ cơ bản đến nâng cao | |
| 245 | 0 | |c Phạm Công Ngô | |
| 260 | |a Hà Nội | ||
| 260 | |b Giáo dục Việt Nam | ||
| 260 | |c 2010 | ||
| 520 | |a Nội dung sách bao gồm: các lệnh chu trình, điều kiện, lựac chọn, về phương thức hay hàm, lớp thừa kế, nạp chồng hàm và toán tử trùng tên, uỷ nhiệm, quản lý sự kiện, đa luồng. | ||
| 650 | |a C# ( Computer program language ),C# ( Ngôn ngữ lập trình máy tính ) | ||
| 904 | |i Trọng Hiếu | ||
| 980 | |a Trung tâm Học liệu Trường Đại học Cần Thơ | ||